00385nam a2200145Ia 4500008004100000020001800041041000800059082001400067100001500081245008600096250000800182260003000190300000900220500001000229220803s9999 xx 000 0 und d a9780415832625 aeng a696.2 STO aStollard P aFire From First Principles : A Design Guide To International Building Fire Safety a4th aNew YorkbRoutledgec2014 a194p aARCHI